000 00642nam a22001935i 4500
001 162720
003 ES-MaACL
005 20250902063112.0
008 991019s1875 it |||| | ita d
040 _aCCPB | B
_bspa
_cCCPB | B
100 1 _aPulci, Luigi,
_d1432-1484
_9131434
245 1 3 _aIl Morgante Maggiore /
_cdi Luigi Pulci ; con note di Eugenio Carmerini, del sermolli ed altri.
260 _aMilano :
_bEdoardo Sonzogno,
_c1875.
300 _a331 p. ;
_c18 cm.
700 1 1 _aCamerini, Eugenio,
_eanot.
_934055
752 _aItalia -
_dMilán
852 _aES-MaACL
_jF-10619
_z-- Enc. hol.
999 _c162720
_d162720